The academic profession: an international perspective
Furkejuvvon:
| Váldodahkkit: | , , |
|---|---|
| Materiálatiipa: | Girji |
| Giella: | eaŋgalasgiella |
| Almmustuhtton: |
Princeton
The Carnegie Foundation for the Advancement of Teaching
1994
|
| Fáttát: | |
| Fáddágilkorat: |
Lasit fáddágilkoriid
Eai fáddágilkorat, Lasit vuosttaš fáddágilkora!
|
MARC
| LEADER | 00000cam a2200000 a 4500 | ||
|---|---|---|---|
| 001 | UCG9144 | ||
| 003 | CL-VaPUC | ||
| 008 | 120120e19940000US |||||||||||||||||eng|d | ||
| 082 | 0 | 4 | |a 378.12 |b BOY |2 21 |
| 100 | 0 | |a Boyer, Ernest L |e author |9 560565 | |
| 700 | 0 | |a Altbach, Philip G |e author |9 560566 | |
| 700 | 0 | |a Whitelaw, Mary Jean |e author |9 560567 | |
| 245 | 1 | 4 | |a The academic profession: an international perspective |
| 300 | |a 106 p | ||
| 942 | |c BK | ||
| 945 | |d 20120120 00:00:00 |a dcastane | ||
| 260 | |a Princeton |b The Carnegie Foundation for the Advancement of Teaching |c 1994 | ||
| 650 | 0 | |a Educación superior |9 223851 | |
| 650 | 0 | |a Formación docente |9 494449 | |
| 650 | 0 | |a Profesores |9 308968 | |
| 583 | |a last modification |c 20120120 10:38:00 |k Rodrigo Vera | ||
| 999 | |c 346711 |d 346709 | ||
| 952 | |0 0 |1 0 |4 0 |6 378_120000000000000_BOY_1994 |7 0 |8 ED_SUP |9 447522 |a BIBGIM |b BIBGIM |c S_PSTGRDO |d 2019-11-22 |i 3189937 |o 378.12 BOY 1994 |p 3189937 |r 2025-01-15 |w 2019-11-22 |y BK_X |k ESU | ||